000 00420nam a2200181Ia 4500
008 210210b2016 xxu||||| |||| 00| 0 eng d
020 _a9788121901451
041 _aeng
082 _a581.4 PANP
100 _aPANDEY (B P)
245 _aPlant anatomy
260 _aNew Delhi
_bS. Chand & Co. Ltd.
_c2016
300 _aix,591
650 _aPlant
650 _aAnatomy
690 _aPlant Anatomy
906 _a072623
999 _c122448
_d122448